00907nam a22003137a 4500001000400000003000600004005001700010008004100027010001700068020002200085020002200107020001800129040002500147042000900172050002100181082001600202100002600218245004100244260003500285300002300320505000600343520009600349521001800445521001800463650002300481650003500504650002200539650003200561448FISKH20250211160713.0230421b cb ||||| |||| 00| 0 eng d a 99036771  a0786824190 (lib.) a0786813385 (pbk.) a9780439577564 aDLCcDLCbengdFISKH alcac00aPZ7.Y44bCn 200000a813.54 2211 aYep, Laurence,d1948-10aCockroach cooties /cby Laurence Yep aNew York :bScholastic,c2000. a135 pages ;c20 cm aH aTeddy and his little brother Bobby devise strategies using bugs to defeat the school bully.8 a510 bLexile8 aH bRaz-Plus 1aBrothersvFiction. 1aBullies and bullyingvFiction. 1aInsectsvFiction. 1aChinese AmericansvFiction.